000 00758nam a2200289Ia 4500
005 20260324122305.0
008 008 260324s9999 xx 000 0 eng d
020 _a9780203097564
037 _aEBOOK
040 _aCRL
040 _beng
040 _cCRL
041 _2eng
041 _aeng
084 _qCRL
100 _aAndreas Exner; Peter Fleissner; Lukas Kranzl; Werner Zittel
_91165878
245 0 _aLand and Resource Scarcity
245 0 _bCapitalism, Struggle and Well-being in a World without Fossil Fuels
260 _bTaylor and Francis
260 _c2013
365 _a
365 _b240
856 _uhttp://www.taylorfrancis.com/books/9780203097564
942 _cEBOOK
999 _c1758495
_d1758495